Identities, borders, orders : (Record no. 8789)
[ view plain ]
| 000 -LEADER | |
|---|---|
| fixed length control field | 02340nac a22003371u 4500 |
| 010 ## - LIBRARY OF CONGRESS CONTROL NUMBER | |
| LC control number | 2001000479 |
| 020 ## - INTERNATIONAL STANDARD BOOK NUMBER | |
| International Standard Book Number | 0816636079 (HC : alk. paper) |
| 020 ## - INTERNATIONAL STANDARD BOOK NUMBER | |
| International Standard Book Number | 0816636087 (PB : alk. paper) |
| 082 00 - DEWEY DECIMAL CLASSIFICATION NUMBER | |
| Classification number | 327 |
| Item number | IDE |
| 090 ## - LOCALLY ASSIGNED LC-TYPE CALL NUMBER (OCLC); LOCAL CALL NUMBER (OCLC) | |
| -- | 8789 |
| -- | 8789 |
| 100 ## - MAIN ENTRY--PERSONAL NAME | |
| Personal name | 20080729 |
| 245 00 - TITLE STATEMENT | |
| Title | Identities, borders, orders : |
| Remainder of title | rethinking international relations theory / |
| Statement of responsibility, etc | Mathias Albert, David Jacobson, and Yosef Lapid, editors. |
| 260 ## - PUBLICATION, DISTRIBUTION, ETC. (IMPRINT) | |
| Place of publication, distribution, etc | Minneapolis, MN : |
| Name of publisher, distributor, etc | University of Minnesota Press,c2001. |
| Date of publication, distribution, etc | c2001. |
| 300 ## - PHYSICAL DESCRIPTION | |
| Extent | viii, 349 p. : |
| Other physical details | ill. ; |
| Dimensions | 24 cm. |
| 490 1# - Series Statement | |
| Series statement | Borderlines ; |
| Volume/sequential designation | vol. 18 |
| 500 ## - GENERAL NOTE | |
| General note | Distributer: Baccah. |
| 504 ## - BIBLIOGRAPHY, ETC. NOTE | |
| Bibliography, etc | Includes bibliographical references (p. 293-325) and index. |
| 505 0# - FORMATTED CONTENTS NOTE | |
| Formatted contents note | What keeps Westphalia together? Normative differentiation in the modern system of states / Mathias Albert and Lothar Brock -- War, violence, and the Westphalian state system as a moral community / Richard W. Mansbach and Franke Wilmer -- (B)orders and (dis)orders : the role of moral authority in global politics / Ronnie D. Lipschutz -- The moÌ(bius ribbon of internal and external security(ies) / Didier Bigo -- Borders and identity in international political theory / Chris Brown -- Boundaries, borders, and barriers : changing geographic perspectives on territorial lines / David Newman -- The global political culture / David Jacobson -- Crossing the borders of order : democracy beyond the nation-state? / Antje Wiener -- Demographic boundary maintenance in world politics : of international norms on dual nationality / Rey Koslowski -- Now and then, here and there : migration and the transformation of identities, borders, and orders / Martin O. Heisler -- The political nature of identities, borders, and orders : discourse and strategy in the Zapatista rebellion / Neil Harvey. |
| 511 ## - PARTICIPANT OR PERFORMER NOTE | |
| Participant or performer note | Catalogued By: Mahitab. |
| 650 #0 - SUBJECT ADDED ENTRY--TOPICAL TERM | |
| Topical term or geographic name as entry element | International relations. |
| 650 #0 - SUBJECT ADDED ENTRY--TOPICAL TERM | |
| Topical term or geographic name as entry element | National state. |
| 650 #0 - SUBJECT ADDED ENTRY--TOPICAL TERM | |
| Topical term or geographic name as entry element | Territory, National. |
| 650 #0 - SUBJECT ADDED ENTRY--TOPICAL TERM | |
| Topical term or geographic name as entry element | Boundaries. |
| 650 #0 - SUBJECT ADDED ENTRY--TOPICAL TERM | |
| Topical term or geographic name as entry element | Geopolitics. |
| 700 1# - ADDED ENTRY--PERSONAL NAME | |
| Personal name | Albert, Mathias. |
| 700 1# - ADDED ENTRY--PERSONAL NAME | |
| Personal name | Jacobson, David, |
| Dates associated with a name | 1959- |
| 700 1# - ADDED ENTRY--PERSONAL NAME | |
| Personal name | Lapid, Yosef, |
| Dates associated with a name | 1947- |
| 830 #0 - SERIES ADDED ENTRY--UNIFORM TITLE | |
| Uniform title | Borderlines (Minneapolis, Minn.) ; |
| 942 ## - ADDED ENTRY ELEMENTS (KOHA) | |
| Item type | Book - Borrowing |
| Call number prefix | 327IDE |
| Withdrawn status | Item status | Damaged status | Not for loan | Home library | Current library | Shelving location | Date acquired | Source of acquisition | Total Checkouts | Total Renewals | Full call number | Barcode | Checked out | Date last seen | Date last borrowed | Koha item type |
|---|---|---|---|---|---|---|---|---|---|---|---|---|---|---|---|---|
| Central Library | Central Library | First floor | 24/03/2008 | Purchase | 2 | 2 | 327IDE | 000010709 | 17/11/2009 | 10/06/2009 | 10/06/2009 | Book - Borrowing |